| 000 | 00555nam a2200193 a 4500 | ||
|---|---|---|---|
| 005 | 20240924065820.0 | ||
| 008 | 991125s1975 ea 000 0 eng u | ||
| 020 | _a0132405156 | ||
| 035 | _aUPN01000018527 | ||
| 049 | _aCG | ||
| 050 | 4 |
_aLB2823 _bP6.3 |
|
| 100 | 1 |
_aPopham, W. James _929869 |
|
| 245 | 1 | 0 |
_aEducational evaluation / _cW. James Popham. |
| 260 |
_aEnglewood Cliffs, N. J. : _bPrentice-Hall, _c1975. |
||
| 300 |
_a328 p. : _bil. |
||
| 650 | 4 |
_aEducación _xFines y objetivos _94837 |
|
| 650 | 4 |
_aEncuestas educativas _913849 |
|
| 905 | _aLibro | ||
| 999 |
_c18527 _d18527 |
||